Biggest Cities in USA A-Z - Statistics

General Stats
  • This quiz has been taken 75 times
    60 since last reset
  • The average score is 15 of 26
Answer Stats
Letter Population Answer % Correct
C 2.700.000 Chicago
98%
N 8.300.000 New York City
96%
L 3.800.000 Los Angeles
93%
H 2.300.000 Houston
89%
D 1.300.000 Dallas
87%
B 650.000 Boston
84%
A 980.000 Austin
78%
J 1.000.000 Jacksonville
73%
P 1.700.000 Phoenix
73%
S 1.500.000 San Antonio
62%
I 880.000 Indianapolis
60%
F 980.000 Fort Worth
58%
K 510.000 Kansas City
58%
W 680.000 Washington D. C.
58%
O 700.000 Oklahoma City
53%
E 680.000 El Paso
47%
R 480.000 Raleigh
47%
T 550.000 Tucson
40%
G 300.000 Greensboro
36%
M 620.000 Memphis
36%
V 450.000 Virginia Beach
36%
Q 100.000 Quincy
33%
Y 210.000 Yonkers
33%
X 25.000 Xenia
27%
U 75.000 Union City
16%
Z 20.000 Zachary
2%
No matching quizzes found
Score Distribution
Percent of People with Each Score
Percentile by Number Answered
Your Score History
You have not taken this quiz since the last reset